| 000 | 00417 a2200145 4500 | ||
|---|---|---|---|
| 999 |
_c9835 _d9835 |
||
| 003 | OSt | ||
| 005 | 20220307122539.0 | ||
| 008 | 220307b ||||| |||| 00| 0 eng d | ||
| 020 | _a9787562338796 | ||
| 082 |
_a725.71 _bZHI |
||
| 110 | _aZhi Wang, (Compiler of architecture books); JTart Publishing & Media, | ||
| 245 | _aMasters' Interior Design 5 Restaurant & café | ||
| 260 |
_bJTart Publishing _c2013 |
||
| 942 | _2ddc | ||